Countries in 2017 Masters (golf) - Statistics

General Stats
  • This quiz has been taken 105 times
  • The average score is 18 of 22
Answer Stats
Players Answer % Correct
41 United States
100%
11 England
96%
3 Canada
95%
4 Spain
95%
2 Germany
93%
5 Australia
92%
1 Ireland
91%
3 Japan
91%
2 Scotland
91%
5 South Africa
91%
2 Sweden
89%
1 Italy
88%
2 Argentina
83%
1 Northern Ireland
79%
1 Wales
78%
1 Denmark
77%
3 South Korea
75%
1 Fiji
63%
1 Belgium
61%
1 Austria
52%
1 Chile
43%
1 Venezuela
36%
No matching quizzes found
Score Distribution
Percent of People with Each Score
Percentile by Number Answered
Your Score History
You have not taken this quiz